Efectos y alcance de la aplicación del proceso en ausencia (ley 27.784) (Registro nro. 36400)
[ vista simple ]
| 000 -LEADER | |
|---|---|
| fixed length control field | 00386 a2200109 4500 |
| 001 - CONTROL NUMBER | |
| control field | ART_63407 |
| 005 - DATE AND TIME OF LATEST TRANSACTION | |
| control field | 20260410162057.0 |
| 008 - FIXED-LENGTH DATA ELEMENTS--GENERAL INFORMATION | |
| fixed length control field | 260409a |
| 100 1# - MAIN ENTRY--PERSONAL NAME | |
| Personal name | Fiumara, Franco M. |
| 245 10 - TITLE STATEMENT | |
| Title | Efectos y alcance de la aplicación del proceso en ausencia (ley 27.784) |
| 773 0# - HOST ITEM ENTRY | |
| Title | Temas de derecho penal y procesal penal |
| Related parts | - Año 7, N° 9/10 (sep./oct. 2025) |
| Record control number | REV60798 |
No hay ítems disponibles.